| 000 | 01078nam0a22002651 4500 | ||
|---|---|---|---|
| 001 | rc\3581005 | ||
| 005 | 20250610044159.0 | ||
| 021 |
_aRU _b73-ОЭ-4994/14 |
||
| 021 |
_aRU _bРг200-74 |
||
| 035 | _a(NLR Aleph) 007697196 | ||
| 090 |
_a6705727 _c6705727 |
||
| 100 | _a20130115g19721973|||y0rusy50 ca | ||
| 101 | 0 | _arus | |
| 102 | _aRU | ||
| 105 | _ay c ||||| | ||
| 200 | 1 |
_aПиелонефрит у новорожденных и детей грудного возраста _e(Метод. указания) _fСост. д-ром мед. наук Э.М. Силиной и канд. мед. наук Н.Н. Старцевой _gСвердл. науч.-исслед. ин-т охраны материнства и младенчества Минздрава РСФСР |
|
| 210 |
_aСвердловск _cБ. и. _d1972 (вып. дан. 1973) |
||
| 215 |
_a[1], 17 с. _d20 |
||
| 702 | 1 |
_aСилина _bЭ.М. _4220 |
|
| 702 | 1 |
_aСтарцева _bН.Н. _4220 |
|
| 801 | 0 |
_aRU _bNLR _gpsbo |
|
| 801 | 1 |
_aRU _bELAR _2rusmarc |
|
| 852 |
_aNLR _j73-4/35006 |
||
| 942 | _cBOOK | ||
| 980 | _aNB | ||